| 000 | 01523cam a22003854a 4500 | ||
|---|---|---|---|
| 001 | 15642807 | ||
| 003 | BD-DhUL | ||
| 005 | 20141118112344.0 | ||
| 008 | 090227s2009 enka b 001 0 eng | ||
| 010 | _a 2009008863 | ||
| 016 | 7 |
_a101497547 _2DNLM |
|
| 020 | _a9780470027264 (cloth) | ||
| 020 | _a0470027266 (cloth) | ||
| 035 | _a(OCoLC)ocn246887359 | ||
| 040 |
_aDNLM/DLC _cDLC _dNLM _dBTCTA _dYDXCP _dBWKUK _dBWK _dCDX _dAGL _dSZ9XM _dDLC _dBD-DhUL |
||
| 042 | _apcc | ||
| 050 | 0 | 0 |
_aQH323.5 _b.R615 2009 |
| 060 | 0 | 0 | _a2009 F-690 |
| 060 | 1 | 0 |
_aWA 950 _bR667 2009 |
| 070 | 0 |
_aQH323.5 _b.R615 2009 |
|
| 082 | 0 | 0 |
_a570.15195 _222 _bROB |
| 245 | 0 | 0 |
_aRobust methods in biostatistics / _cStephane Heritier ... [et al.]. |
| 260 |
_aChichester, U.K. : _bJ. Wiley, _c2009. |
||
| 300 |
_axiv, 268 p. : _bill. ; _c24 cm. |
||
| 365 |
_aUS$ _b110.00 |
||
| 440 | 0 | _aWiley series in probability and statistics | |
| 504 | _aIncludes bibliographical references (p. [249]-264) and index. | ||
| 505 | 0 | _aKey measures and results -- Linear regression -- Mixed linear models -- Generalized linear models -- Marginal longitudinal data analysis -- Survival analysis. | |
| 650 | 0 |
_aBiometry _xStatistical methods. |
|
| 650 | 1 | 2 |
_aBiometry _xmethods. |
| 700 | 1 | _aHeritier, Stephane. | |
| 906 |
_a7 _bcbc _corignew _d1 _eecip _f20 _gy-gencatlg |
||
| 942 |
_2ddc _cBK |
||
| 955 |
_axh12 2009-03-05 from NLM _axh12 2009-03-05 _axh06 2009-03-06 reviewed _ard11 2009-03-09 _axe11 2009-07-14 1 copy rec'd., to CIP ver. _axh00 2009-07-17 to USPL/STM |
||
| 999 |
_c19566 _d19566 |
||